000 00714cam a22001817a 4500
008 180718b2002 xxu||||| |||| 00| 0 eng d
100 _aScott, David
245 _aA practical guide to managing systemic financial crises: a review of approaches taken in Indonesia, the republic of Korea, and Thailand
_cby David Scott
260 _aWashington, D.C.
_bWorld Bank
_c2002
300 _a96p.
440 _aPolicy research working paper, no. 2843
650 _aCrisis management --Thailand.
650 _aCrisis management --Korea (South)
650 _aCrisis management --Indonesia
650 _aFinancial crises --Thailand
650 _aFinancial crises --Korea (South)
650 _aFinancial crises --Indonesia
999 _c287917
_d287917